Love Demands Blood (Record no. 190121)

MARC details
000 -LEADER
fixed length control field 00515nam a22001817a 4500
005 - DATE AND TIME OF LATEST TRANSACTION
control field 20220718165324.0
010 ## - LCCN (DPL NO)
LC control number ENG-133656
020 ## - INTERNATIONAL STANDARD BOOK NUMBER
International Standard Book Number 9789386303554
Terms of availability 395.00
035 ## - SYSTEM CONTROL NUMBER
System control number EN-117188
037 ## - SOURCE OF ACQUISITION
Source of stock number/acquisition DBAD/PUB
100 ## - MAIN ENTRY--PERSONAL NAME
Personal name Khan, Niyaz
245 ## - TITLE STATEMENT
Title Love Demands Blood
Statement of responsibility, etc Niyaz Khan
260 ## - PUBLICATION, DISTRIBUTION, ETC. (IMPRINT)
Place of publication, distribution, etc Bhopal
Name of publisher, distributor, etc Indra Publishing House
Date of publication, distribution, etc 2018
270 ## - ADDRESS
Address E-5/21, Arera Colony, Habibganj Police Station Road
City Bhopal
Postal code 462016
300 ## - PHYSICAL DESCRIPTION
Extent 358p
Dimensions 20cm(Pbk)
700 ## - ADDED ENTRY--PERSONAL NAME
Personal name Frederick Engels
942 ## - ADDED ENTRY ELEMENTS (KOHA)
Source of classification or shelving scheme Dewey Decimal Classification
Item type English Books
Classification part N
Call number suffix KHA
Holdings
Withdrawn status Lost status Not for loan Collection code Home library Current library Date acquired Source of acquisition Cost, normal purchase price Full call number Barcode Copy number Cost, replacement price Koha item type
      Fiction Bawana Bawana 18/07/2022 DBAD/PUB 395.00 N KHA EN-117188 1 395.00 English Books

© Delhi Public Library
Hit Counter
free hit counter